000 00531nam a2200193Ia 4500
005 20250508151145.0
008 008 250505s9999 xx 000 0 eng d
037 _aTextual
040 _aFEDL
_beng
_cFEDL
041 _aeng
_2eng
084 _a367, MAR
_qFEDL
100 _aMarindin J. P.
_9758570
245 0 _aLeadership in boys' clubs
260 _aLondon, UK
_bOxford University Press
_c1950
300 _a73p.
490 _aSocial science studies
942 _cTEXL
_h367, MAR
999 _c1327953
_d1327953